| 000 | 00579nam a2200193Ia 4500 | ||
|---|---|---|---|
| 003 | OSt | ||
| 005 | 20250106121744.0 | ||
| 008 | 210210b1994 xxu||||| |||| 00| 0 eng d | ||
| 040 | _cAL | ||
| 041 | _aKannada | ||
| 082 | _a611K VASD | ||
| 100 |
_aVASANTA A KULAKARNI. _d ವಸಂತಾ ಎ ಕುಲಕರ್ಣಿ _9192217 |
||
| 245 |
_aDeha kriyegala sojigagalu. _bದೇಹ ಕ್ರಿಯೆಗಳ ಸೋಜಿಗಗಳು. |
||
| 260 |
_aHampi _bKannada Vishvavidyalaya, _c1994 |
||
| 300 | _a34 | ||
| 690 |
_aMedical Science _9192218 |
||
| 906 | _a049248 | ||
| 942 |
_2ddc _cBK |
||
| 999 |
_c98133 _d98133 |
||